000 00533nam a2200193Ia 4500
005 20250326141426.0
008 250326s9999 xx 000 0 und d
020 _a81-7188-093-2
037 _aTextbook
040 _aFMSL
_beng
_cFMSL
041 _aeng
_2eng
084 _aX:89ZB.44 N2
_qFMSL
100 _aKapila U
245 0 _aRecent development in Indian economy
_cKapila U
260 _aDelhi
_bDelhi, Academic Foudation
_c1992
300 _a352p
942 _cTB
_hX:89ZB.44 N2
999 _c1290250
_d1290250